Βυζάντιο & Άραβες = Byzantium & the Arabs : Οκτώβριος 2011-Ιανουάριος 2012, κατάλογος έκθεσης

Αποθηκεύτηκε σε:
Λεπτομέρειες βιβλιογραφικής εγγραφής
Συγγραφή απο Οργανισμό/Αρχή: Μουσείο Βυζαντινού Πολιτισμού
Μορφή: Βιβλίο
Γλώσσα:Greek
English
Δημοσίευση: Θεσσαλονίκη : [Μουσείο Βυζαντινού Πολιτισμού], 2011
Θέματα:
Ετικέτες: Προσθήκη ετικέτας
Δεν υπάρχουν, Καταχωρήστε ετικέτα πρώτοι!

MARC

LEADER 00000cam a2200000 i 4500
001 1/17497
008 120201s2011####gr | | ||| |||| ||gre||
020 |a 978-960-89061-6-7 
035 |l 10111738 
040 |a GR-MY-UA  |b gre  |e aacr 
041 0 |a gre  |h eng 
082 0 |a 709.021   |2 (22) 
110 2 |a Μουσείο Βυζαντινού Πολιτισμού. 
245 1 0 |a Βυζάντιο & Άραβες =   |b Byzantium & the Arabs : Οκτώβριος 2011-Ιανουάριος 2012, κατάλογος έκθεσης /   |c [Μουσείο Βυζαντινού Πολιτισμού].  
246 1 |i Παράλληλος τίτλος:   |a Byzantium & the Arabs  
260 |a Θεσσαλονίκη :   |b [Μουσείο Βυζαντινού Πολιτισμού],   |c 2011 
300 |a 183 σ.;  |b εικ.;  |c 29 εκ. 
504 |a Περιέχει βιβλιογραφικές αναφορές 
650 0 0 |a Art, Byzantine  |x Exhibitions. 
650 0 0 |a Islamic art  |x Exhibitions. 
852 |a INST  |b RHODES  |e 20120201  |h 709.021 ΜΟΥ  |p 005400033953  |q 005400033953  |t BK  |y 0 
901 |a BIBL4-2012-1 
909 |a Ρ  |b 170598 
922 |a 4ΕΛΗ 
970 |z 2012/01/